| 000 | 00492nam a22001697a 4500 | ||
|---|---|---|---|
| 003 | CEME | ||
| 005 | 20210628210424.0 | ||
| 008 | 210208b xxu||||| |||| 00| 0 eng d | ||
| 040 | _c. | ||
| 082 | _a297.7 ASH | ||
| 100 |
_aMuhammad Ashraf Ali Thanvi Thanvi, Muhammad Ashraf Ali _94443 |
||
| 245 | _aKhutbat-e-hakeem ul umat fizayal sabar-o-shukar | ||
| 260 |
_aLAHORE _bIDARA TALEEFAT ASHRAFIA _c1995 |
||
| 300 | _a720P | ||
| 650 |
_aISLAM-FIZAYAL SABAR-O-SHUKAR _979339 |
||
| 942 |
_cBK _2ddc |
||
| 999 |
_c584385 _d584385 |
||